000
00288nam a2200121Ia 4500
008
190216s9999||||xx |||||||||||||| ||und||
100
_a
Dilip Kumar&Amp;Kabir Sharma
245
0
_a
Hindi-Nutan Ganith
260
_b
Indraprastha Prakashan
300
_a
112
650
_a
Hindi
942
_c
BK
999
_c
16464
_d
16464